Hiệu quả chương trình phẫu thuật cho trẻ em bị dị tật bẩm sinh ở Bà Rịa - Vũng Tàu
Shranjeno v:
| Glavni avtor: | |
|---|---|
| Format: | Knjiga |
| Jezik: | Undetermined |
| Teme: | |
| Online dostop: | http://lrc.tdmu.edu.vn/opac/search/detail.asp?aID=2&ID=35587 |
| Oznake: |
Označite
Brez oznak, prvi označite!
|
| Thư viện lưu trữ: | Trung tâm Học liệu Trường Đại học Thủ Dầu Một |
|---|
| LEADER | 00701nam a2200145Ia 4500 | ||
|---|---|---|---|
| 001 | TDMU_35587 | ||
| 008 | 210410s9999 xx 000 0 und d | ||
| 082 | |a 371.425 | ||
| 100 | |a Thương, Hoài | ||
| 245 | 0 | |a Hiệu quả chương trình phẫu thuật cho trẻ em bị dị tật bẩm sinh ở Bà Rịa - Vũng Tàu | |
| 245 | 0 | |c Thương Hoài | |
| 300 | |a Tr.27-28 | ||
| 650 | |a Chính trị - Xã hội; Hiệu quả; Chăm sóc trẻ em; Phẫu thuật; Dị tật bẩm sinh; Trẻ em; Bà Rịa - Vũng Tàu | ||
| 856 | |u http://lrc.tdmu.edu.vn/opac/search/detail.asp?aID=2&ID=35587 | ||
| 980 | |a Trung tâm Học liệu Trường Đại học Thủ Dầu Một | ||